000 00503nam a22001097a 4500
008 110627t xxu||||| |||| 00| 0 eng d
010 _aHCAACF133
245 _aHigh Court Probate and Administration Cause No. 21 OF 1970 In The Estate of Chandrakant Purshotton Dattani, deceased
260 _c1970
999 _c4001
_d4001